Las cooperativas agropecuarias en Colombia / (Registro nro. 7828)
[ vista simple ]
| 000 -LEADER | |
|---|---|
| fixed length control field | 01460nam a2200241Ia 4500 |
| 003 - CONTROL NUMBER IDENTIFIER | |
| control field | OSt |
| 005 - DATE AND TIME OF LATEST TRANSACTION | |
| control field | 20210506013709.0 |
| 008 - FIXED-LENGTH DATA ELEMENTS--GENERAL INFORMATION | |
| fixed length control field | 210310s1976 ck gr 000 0 spa d |
| 040 ## - CATALOGING SOURCE | |
| Original cataloging agency | CO-JMCR |
| Transcribing agency | CO-JMCR |
| 041 0# - LANGUAGE CODE | |
| Language code of text/sound track or separate title | spa |
| 082 04 - DEWEY DECIMAL CLASSIFICATION NUMBER | |
| Classification number | 334.683 / |
| Item number | F828c |
| Edition number | 23 |
| 100 1# - MAIN ENTRY--PERSONAL NAME | |
| Personal name | Frank, Wolfgang, |
| 9 (RLIN) | 15570 |
| Relator term | investigador |
| 245 14 - TITLE STATEMENT | |
| Title | Las cooperativas agropecuarias en Colombia / |
| Statement of responsibility, etc. | investigador principal Wolfgang Frank |
| 260 ## - PUBLICATION, DISTRIBUTION, ETC. | |
| Place of publication, distribution, etc. | Cali : |
| Name of publisher, distributor, etc. | Biblioteca Banco Popular, |
| Date of publication, distribution, etc. | 1976 |
| 300 ## - PHYSICAL DESCRIPTION | |
| Extent | 191 páginas ; |
| Dimensions | 25 cm. |
| 490 0# - SERIES STATEMENT | |
| Series statement | (Divulgación Económica y Social / Biblioteca Banco Popular: Cali) |
| 504 ## - BIBLIOGRAPHY, ETC. NOTE | |
| Bibliography, etc. note | Bibliografía: página 189 |
| 505 0# - FORMATTED CONTENTS NOTE | |
| Formatted contents note | Hacia una definición de los conceptos -- Sinopsis de las cooperativas agropecuarias en Colombia -- Las cooperativas de la reforma agraria (Grupo A) -- Estudio de caso: la Cooperativa Agropecuaria de María La Baja (Bolívar) Las cooperativas de caficultores (Grupo B) -- Las cooperativas de servicios agropecuarios sin apoyo oficial institucionalizado (Grupo C) -- Cooperativas con servicios no predominantemente agrícolas (Grupo D) -- Cooperativas de producción (Grupo E) -- Cooperativas fracasadas o en receso (Grupo F) -- Integración y fomento de las cooperativas agrícolas en Colombia -- Éxito y problemas |
| 650 14 - SUBJECT ADDED ENTRY--TOPICAL TERM | |
| Topical term or geographic name entry element | Cooperativas agrícolas |
| 9 (RLIN) | 15572 |
| Geographic subdivision | Colombia |
| 650 24 - SUBJECT ADDED ENTRY--TOPICAL TERM | |
| Topical term or geographic name entry element | Bancos cooperativos |
| Geographic subdivision | Colombia |
| 9 (RLIN) | 37472 |
| 650 24 - SUBJECT ADDED ENTRY--TOPICAL TERM | |
| Topical term or geographic name entry element | Cooperativas agrícolas de crédito |
| Geographic subdivision | Colombia |
| 9 (RLIN) | 37473 |
| 942 ## - ADDED ENTRY ELEMENTS (KOHA) | |
| Source of classification or shelving scheme | Dewey Decimal Classification |
| Koha item type | Books |
| Withdrawn status | Lost status | Source of classification or shelving scheme | Damaged status | Not for loan | Collection code | Home library | Current library | Date acquired | Source of acquisition | Full call number | Barcode | Date last seen | Copy number | Koha item type |
|---|---|---|---|---|---|---|---|---|---|---|---|---|---|---|
| Dewey Decimal Classification | Non-fiction | Biblioteca Pública José María del Castillo y Rada | Biblioteca Pública José María del Castillo y Rada | 04/15/2018 | Donación | 334.683 / F828c | 430003737 | 05/16/2024 | Ej.1 | Books |